00934nam a2200253 a 4500001001000000003000500010005001700015008004100032010001100073011001100084020001800095040000900113082001600122245021300138260007200351300001800423650003400441650002200475650003800497650002800535650003300563700004800596700003600644000112204CHAP20220329144250.0160114s2015 mx a |r| ||||||spa d a108665 a109637 a9786071203861 cCHAP a630.71bA1810aActividades de servicio, investigación, docencia y difusión de la cultura del Centro Regional Universitario del Anáhuac 2011-2013 /ccompilado por Juan Carlos Cuevas Cruz y Guadalupe Betancourt Ventura. aChapingo, Méx. :bUACH. Dirección de Centros Regionales,c2015. a310 p. :bil.14aAgriculturaxInvestigación.14aDesarrollo rural.14aDesarrollo sustentablexMéxico.14aEducación agrícola.14aProgramas de capacitación.1 aBetancourt Ventura, José Guadalupeecomp.1 aCuevas Cruz, Juan Carlosecomp.